| 000 | 01406nac a22002891u 4500 | ||
|---|---|---|---|
| 010 | _a2002277593 | ||
| 020 | _a0071386238 | ||
| 035 | _a(OCoLC)ocm48705022 | ||
| 082 | 0 | 0 |
_a621.38275 _bB317 |
| 090 |
_c1383 _d1383 |
||
| 100 | _a20080729 | ||
| 245 | 0 | 0 |
_aFiber optics handbook : _bfiber, devices, and systems for optical communications / _csponsored by the Optical Society of America ; Michael Bass, editor in chief ; Eric W. Van Stryland, associate editor. |
| 260 |
_aNew York : _bMcGraw-Hill, _cc2002. |
||
| 300 |
_a1 v. (various pagings) : _bill. ; _c24 cm. |
||
| 440 | 0 | _aMcGraw-Hill telecom. | |
| 504 | _aIncludes bibliographical references and index. | ||
| 650 | 0 |
_aOptical communications _vHandbooks, manuals, etc. |
|
| 650 | 0 |
_aFiber optics _vHandbooks, manuals, etc. |
|
| 700 | 1 |
_aBass, Michael, _d1939- |
|
| 700 | 1 | _aVan Stryland, Eric W. | |
| 710 | 2 | _aOptical Society of America. | |
| 856 | 4 | 2 |
_3Contributor biographical information _uhttp://www.loc.gov/catdir/bios/mh041/2002277593.html |
| 856 | 4 | 2 |
_3Publisher description _uhttp://www.loc.gov/catdir/description/mh024/2002277593.html |
| 856 | 4 | 2 |
_3Table of contents _uhttp://www.loc.gov/catdir/toc/mh023/2002277593.html |
| 942 |
_cBB _k621.38275B317 |
||
| 999 |
_c1383 _d1383 |
||